000
00352nam a2200157Ia 4500
003
0STCL
008
150530s9999 xx 000 0 und d
040
_a
STCL
_c
STCL
100
_a
Praveen Sethi
245
_a
Tourism for the next millennuium
260
_c
1999
546
_a
English
942
_2
ddc
_c
BK
999
_c
11069
_d
11069
005
20220125165600.0